000 00524nam a2200193Ia 4500
005 20250423101050.0
008 250422s9999 xx 000 0 und d
020 _a9788170088257
050 _aTA 549 .P86/
100 _aPunmia, B. C... [et al.].
245 0 _aSurveying-III: higher surveying
250 _a15th ed.
260 _aNew Delhi
260 _bLamix publications (p) Ltd.
260 _c2013
300 _a274 p
650 _aHistoric buildings. Architectural surveys. Building inspection.
942 _cBK
999 _c35180
_d35180